000 01241cam a22003254a 4500
999 _c522501
_d522501
001 4048956
003 NUST
005 20181030104057.0
008 990510s1999 nyua b 001 0 eng
010 _a 99028520
038 _aArshad
040 _aDLC
_cDLC
_dDLC
042 _apcc
050 0 0 _aHF5549.5.P37
_bS38 1999
082 0 0 _a650.019
_bOLL
100 1 _aSchwartz, Andrew E.
_912372
245 1 0 _aPersonal strategies for managing stress /
_cAndrew E. Schwartz ; illustrated by Deborah Zemke.
250 _a2nd
260 _aHauppauge, NY :
_bBarron's Educational Series,
_c1999.
300 _aix, 129 p.155 :
_bill. ;
_c20 cm.
440 0 _aBusiness success guide
_912373
504 _aIncludes bibliographical references (p. 121-125) and index.
650 0 _aPerformance technology
_xManagement.
_912374
650 0 _aAchievement motivation.
_912375
650 0 _aEmployees
_xRating of.
_912376
650 0 _aOrganizational effectiveness.
_94213
906 _a7
_bcbc
_corignew
_d1
_eocip
_f19
_gy-gencatlg
942 _2ddc
_cBK